000
00187nam a2200085 4500
001
1254830
005
20251126104323.0
245
_a
LİNÇ ÇIKMAZI
_c
ANIL BASILI
260
_b
TİMAŞ YAYINLARI
999
_c
1254830
_d
1254830